000
00394nam a22001697a 4500
003
MPLRDC
005
20220104113906.0
008
210129b ||||| |||| 00| 0 eng d
082
_a
848.2 GLH-4
100
_a
郭良蕙著
245
_a
藏在幸福里的
_c
250
_a
初版
260
_a
_b
汉麟出版社
_c
1980
300
_b
平
650
_a
现代别集
942
_c
BK
_o
848.2 GLH-4
999
_c
3173
_d
3163